Literature by Numbers Quiz Stats

Quiz Updated Jan 16, 2015

Challenge
Share
Tweet
Embed
Score 0/55 Timer 08:00
0 Plays Today
% Correct
Pig
93.3%
Toto
90.8%
Horse
87.3%
Ron Weasley
87.1%
Hermione Granger
86.4%
Tigger
84.7%
Cow
83.1%
Eeyore
83%
Piglet
81.2%
The Lion the Witch and the Wardrobe
81%
Roo
81%
Frodo Baggins
80.7%
Chicken
80.2%
Dog
74.8%
Owl
74.3%
Samwise 'Sam' Gamgee
74.2%
Kanga
74.2%
Christopher Robin
73.4%
Cat
70.8%
Gandalf the Grey
70.5%
Charlie
70.5%
Rabbit
69.6%
Sheep
67.2%
Legolas
65.4%
Prince Caspian
64.7%
Aragorn (Strider)
63.7%
Peregrin 'Pippin' Took
61.1%
Matilda
60.9%
% Correct
James
60.8%
Meriadoc 'Merry' Brandybuck
60.7%
Gimli
60.2%
Porthos
55.4%
Goat
55.4%
Boromir
54.4%
The Hitchhiker's Guide to the Galaxy
52.7%
Athos
50.5%
Aramis
49.1%
The Voyage of the Dawn Treader
46.6%
Donkey
41.5%
The Silver Chair
40.3%
The Magician's Nephew
38.8%
The Last Battle
32.3%
The Restaurant at the End of the Universe
29.8%
The Horse and His Boy
29.1%
So Long, and Thanks for All the Fish
28%
Danny
19.1%
George
19%
Henry James Alden
14.8%
Violet Alden
14%
Life, the Universe and Everything
13.6%
Mostly Harmless
13.7%
Benny Alden
12.1%
Jessie Alden
10.8%
Raven
10.8%
And Another Thing...
5.5%

You're not logged in!

Compare scores with friends on all Sporcle quizzes.
Sign Up with Email
OR
Log In

You Might Also Like...

Show Comments

Extras

Top Quizzes Today


Score Distribution

Your Account Isn't Verified!

In order to create a playlist on Sporcle, you need to verify the email address you used during registration. Go to your Sporcle Settings to finish the process.